000 00558nam a2200193Ia 4500
008 220216s9999 xx 000 0 und d
100 _aEspinosa-Goded M
245 0 _aWhat do farmers want from agri-environmental scheme design? A choice experiment approach
260 _bJournal of Agricultural Economics
_c2010
300 _a259-273
650 _aAgri-environmental schemes
650 _aChoice experiment
650 _aError component
650 _aFarmers
650 _aSpain
700 _aBarreiro-Hurle J.
700 _aRuto e.
942 _cJS
999 _c72365
_d72365